[Event "USA-ch U16"]
[Site "Saint Louis"]
[Date "2015.07.14"]
[Round "8"]
[White "Li, Ruifeng"]
[Black "Han, Curran R"]
[Result "1-0"]
[WhiteElo "2394"]
[BlackElo "2079"]
[PlyCount "85"]
[EventDate "2015.07.07"]
[EventType "tourn"]
[EventRounds "9"]
[EventCountry "USA"]
[EventCategory "6"]
[SourceTitle "CBM 167 Extra"]
[Source "ChessBase"]
[SourceDate "2015.09.14"]
[SourceVersion "1"]
[SourceVersionDate "2015.09.14"]
[SourceQuality "1"]

1. e4 c5 2. Nc3 d6 3. g3 Nc6 4. Bg2 g6 5. d3 Bg7 6. Be3 e6 7. Qd2 Nd4 8. Nd1 b6 9. c3 Nc6 10. Ne2 Bb7 11. 0-0 Nge7 12. Bh6 0-0 13. Bxg7 Kxg7 14. Ne3 Qd7 15. d4 cxd4 16. cxd4 d5 17. e5 h5 18. Nf4 Rh8 19. h4 Na5 20. b3 Qb5 21. Rfc1 Qd7 22. Bf3 Nac6 23. Nh3 Ng8 24. Ng5 Nh6 25. Be2 Ne7 26. Ng2 Nhf5 27. Qf4 Rac8 28. Ne3 Rxc1+ 29. Rxc1 Rc8 30. Rd1 Rc3 31. Nxf5+ Nxf5 32. Bd3 Qc8 33. Nh3 Ba6 34. Bxf5 exf5 35. Qg5 Kg8 36. Re1 Rc6 37. Kh2 Bd3 38. Nf4 Be4 39. e6 Kh7 40. Qf6 Qg8 41. Qe7 Kg7 42. Qd7 Rc2 43. e7 1-0

[Event "USA-ch U16"]
[Site "Saint Louis"]
[Date "2015.07.12"]
[Round "6"]
[White "Harmon Vellotti, Luke"]
[Black "Han, Curran R"]
[Result "1/2-1/2"]
[WhiteElo "2430"]
[BlackElo "2079"]
[PlyCount "85"]
[EventDate "2015.07.07"]
[EventType "tourn"]
[EventRounds "9"]
[EventCountry "USA"]
[EventCategory "6"]
[SourceTitle "CBM 167 Extra"]
[Source "ChessBase"]
[SourceDate "2015.09.14"]
[SourceVersion "1"]
[SourceVersionDate "2015.09.14"]
[SourceQuality "1"]

1. d4 Nf6 2. c4 g6 3. Nc3 d5 4. Nf3 Bg7 5. Bg5 Ne4 6. Bh4 Nxc3 7. bxc3 dxc4 8. e3 b5 9. a4 c6 10. Be2 a6 11. 0-0 0-0 12. Nd2 Re8 13. Bf3 Bb7 14. Qb1 Qc8 15. Qb4 c5 16. Bxb7 cxb4 17. Bxc8 Rxc8 18. axb5 bxc3 19. Ne4 Nd7 20. bxa6 e5 21. d5 f5 22. Nxc3 e4 23. Rfc1 Nc5 24. d6 Rc6 25. a7 Rxd6 26. Be7 Rc6 27. Bxc5 Rxc5 28. Rcb1 Rcc8 29. Nd5 Bxa1 30. Ne7+ Kf8 31. Nxc8 Be5 32. Nb6 Rxa7 33. Nxc4 Ra1 34. Rxa1 Bxa1 35. f3 exf3 36. gxf3 Kf7 37. Kf2 Ke6 38. e4 Bd4+ 39. Kg3 fxe4 40. fxe4 Be5+ 41. Nxe5 Kxe5 42. Kf3 g5 43. Kg4 1/2-1/2

[Event "USA-ch U16"]
[Site "Saint Louis"]
[Date "2015.07.11"]
[Round "5"]
[White "Han, Curran R"]
[Black "Shen, Arthur"]
[Result "0-1"]
[WhiteElo "2079"]
[BlackElo "2339"]
[PlyCount "136"]
[EventDate "2015.07.07"]
[EventType "tourn"]
[EventRounds "9"]
[EventCountry "USA"]
[EventCategory "6"]
[SourceTitle "CBM 167 Extra"]
[Source "ChessBase"]
[SourceDate "2015.09.14"]
[SourceVersion "1"]
[SourceVersionDate "2015.09.14"]
[SourceQuality "1"]

1. d4 Nf6 2. c4 g6 3. Nf3 Bg7 4. Nc3 d5 5. Bg5 Ne4 6. Bh4 Nxc3 7. bxc3 dxc4 8. Qa4+ Nd7 9. Qxc4 0-0 10. e3 b6 11. Qc6 Rb8 12. Qa4 a6 13. Qa3 c5 14. Be2 Bb7 15. 0-0 Re8 16. Rad1 Qc8 17. Bg3 Ra8 18. c4 e5 19. dxe5 Nxe5 20. Nxe5 Bxe5 21. Bxe5 Rxe5 22. Rd6 Qc7 23. Rfd1 Bc6 24. Qb2 Rae8 25. Bf1 R5e6 26. R6d2 Ba4 27. Rb1 b5 28. Qc1 b4 29. Be2 Bc6 30. Qd1 a5 31. Bf3 Bxf3 32. Qxf3 Rd6 33. Rxd6 Qxd6 34. Rd1 Qe5 35. Qc6 Kg7 36. g3 Re6 37. Qb5 Qc7 38. Rd7 Qc8 39. Rd5 Rc6 40. Qxa5 h5 41. h4 Qg4 42. Qa4 Qe6 43. Qc2 Qf6 44. Kg2 Qa1 45. Rd1 Qe5 46. Rd5 Qa1 47. Qa4 Rf6 48. Rd2 Qe5 49. Qa8 Qc3 50. Rd8 Rf5 51. Rd1 Qxc4 52. Rd2 Qc3 53. Qd8 c4 54. Qd7 Qe5 55. Qb7 Qc5 56. Rc2 c3 57. a3 bxa3 58. Qb3 Qd5+ 59. Qxd5 Rxd5 60. Rxc3 Ra5 61. Rc1 a2 62. Ra1 Kf6 63. Kf3 Ke5 64. Ke2 Ra3 65. Kd2 Ke4 66. Ke2 f5 67. f3+ Kd5 68. Kd2 Kc4 0-1